ბათუმის შოთა რუსთაველის სახელმწიფო უნივერსიტეტის ბიბლიოთეკა

ლაზური ზღაპრები და გადმოცემები = Contes et recits Lazes / (ბიბ.ჩანაწერი № 35867)

000 -ლიდერი
ფიქსირებული სიგრძის საკონტროლო ველი 01281nam a2200253Ia 4500
001 - საკონტროლო ნომერი
საკონტროლო ველი 1758
003 - საკონტროლო ნომრის იდენტიფიკატორი
საკონტროლო ველი GE_BSU
005 - ბოლო ოპერაციის თარიღი და დრო
საკონტროლო ველი 20231002154918.0
008 - ფიქსირებული სიგრძის მონაცემთა ელემენტები - ზოგადი ინფორმაცია
ფიქსირებული სიგრძის საკონტროლო ველი 181216s2009||||ge |||||||||||||| ||geo||
020 ## - წიგნის საერთაშორისო სტანდარტული ნომერი
International Standard Book Number 9789941100987
040 ## - კატალოგიზაციის წყარო
Transcribing agency GE_BSU
041 ## - ენის კოდი
Language code of text/sound track or separate title geo
080 ## - უნივერსალური ათობითი კლასიფიკაციის ინდექსი
Universal Decimal Classification number 398:821.353.1 დ–56
100 ## - მთავარი ჩანაწერი - პიროვნების სახელი
Personal name დიუმეზილი, ჟორჟ
9 (RLIN) 19972
245 ## - ცნობა სათაურის შესახებ
Title ლაზური ზღაპრები და გადმოცემები = Contes et recits Lazes /
Statement of responsibility, etc ჟორჟ დიუმეზილი ; ლაზური ტექსტების ქართ. ვერსია და ლექსიკონი შეადგინა მანანა ბუკიამ ; [რედ. მერაბ ჩუხუა] ; არნ. ჩიქობავას ენათმეცნ. ინ-ტი.
260 ## - გამოქვეყნების, გავრცელების, და სხვა. ცნობები
Date of publication, distribution, etc 2009
264 ## - წარმოების, გამოცემის, დისტრიბუციის და სხვა ცნობები
გამოცემის, წარმოების, დისტრიბუციის... ადგილი თბილისი :
გამოცემის, წარმოების, დისტრიბუციის... სახელწოდება [ენათმეცნ. ინ-ტი],
გამოცემის, წარმოების, დისტრიბუციის... თარიღი 2009.
300 ## - ფიზიკური აღწერა
Extent 457 გვ.;
Other physical details 29 სმ.
500 ## - ზოგადი შენიშვნა
General note ტექსტი ქართ. და ფრანგ.
501 ## - შენიშვნა თანმხლებ მასალაზე
With note ლექსიკონი: გვ. 239-325.
653 ## - INDEX TERM--UNCONTROLLED
Uncontrolled term ლაზური ტექსტები
653 ## - INDEX TERM--UNCONTROLLED
Uncontrolled term ლაზური ენის გრამატიკა
942 ## - ADDED ENTRY ELEMENTS (KOHA)
Koha item type წიგნი
Source of classification or shelving scheme
ეგზემპლარები
ჩამოწერის სტატუსი დაკარგული ეგზემპლარის სტატუსი კლასიფიკაციის წყარო ან თაროზე გაწყობის სქემა დაზიანების სტატუსი არ გაიცემა მუდმივი მდებარეობა (დაცვის ადგილი) ამჟამინდელი ადგილსამყოფელი თაროზე განთავსების ადგილი შეძენის თარიღი ღირებულება, შესყიდვის ნორმალური ფასი სრული შენახვის შიფრი შტრიხკოდი ბოლო ოპერაციის თარიღი ეგზემპლარის მიმდევრობითი ნომერი (კეტერი?) ფასის ძალაში შესვლის თარიღი ეგზემპლარის სახეობა საჯარო შენიშვნა
          ბათუმის შოთა რუსთაველის სახელმწიფო უნივერსიტეტის მთავარი ბიბლიოთეკა ბათუმის შოთა რუსთაველის სახელმწიფო უნივერსიტეტის მთავარი ბიბლიოთეკა წიგნსაცავი 2018-12-17 18.00 398:821.353.1 დ–56 3551 2018-12-17 3551 2018-12-17 წიგნი 18 ლ.